000 00319nam a2200133Ia 4500
005 20251222154433.0
008 251222s9999||||xx |||||||||||||| ||spa||
020 _a8471420783
082 _a818.602/S37
245 0 _aSelecciones Reader's Digest
250 _a1ra.ed.
264 _b Reader's Digest, S.A.
942 _cLIB
999 _c36508
_d36508